000 00762cam a2200253 4500500
005 20260329004940.0
041 _afre
042 _adc
100 1 0 _aEltchaninoff, Michel
_eauthor
245 0 0 _aÉric Zemmour : l’assimilation à coup de marteau
260 _c2021.
500 _a90
690 _aAssimilation
690 _aÉlection présidentielle 2022
690 _aÉric Zemmour
690 _aExtrême droite
690 _aIdentité
690 _aMaurice Barrès
690 _aPolitique
690 _aRacisme
690 _aXénophobie
786 0 _nPhilosophie magazine | 154 | 11 | 2021-11-01 | p. 10-10 | 1951-1787
856 4 1 _uhttps://shs.cairn.info/magazine-philosophie-magazine-2021-11-page-10?lang=fr&redirect-ssocas=7080
999 _c1838840
_d1838840